Плячка (Запис номер 501186)
[ съкратено ]
| 000 -Лидер | |
|---|---|
| Лидер | 01230nam a2200301 a 4500 |
| 003 - Код на организацията, давaща контролен номер | |
| Код на организацията, даваща контролен номер | BLK |
| 005 - Дата и час на последна редакция | |
| Дата и час на последна редакция | 20250726151104.0 |
| 008 - Елементи от данни с фиксирана дължина | |
| Елементи с фиксирана дължина | 200305b bu ||||| |||| 00| 0 bu d |
| 020 ## - Международен стандартен номер на книга ISBN | |
| ISBN | 9789543576142 |
| 040 ## - Източник на каталожния запис | |
| Код на библиотеката | BLK |
| 041 ## - Код за език | |
| Език | Български |
| Език за КДБФ | Български |
| 080 ## - УДК | |
| УДК текст | Исландска литература |
| УДК код | 821.113.3 |
| УДК – определител | -31 |
| УДК – код + определител | 821.113.3-31 |
| 084 ## - Класификационен индекс по друга класификация | |
| Авторски знак | Си - С 35 |
| 100 ## - Редна дума - Автор | |
| Автор | Сигурдардотир, Ирса |
| R(LIN) | 1299 |
| 245 ## - Сведения за заглавието | |
| Заглавие | Плячка |
| Подзаглавни данни | Роман |
| Авторска отговорност | Ирса Сигурдардотир ; прев. от англ. Емилия Ничева-Карастойчева. |
| 260 ## - Област на издателските данни | |
| 9 (RLIN) | 210050 |
| Място на издаване | София |
| Име на издателя | ЕМАС |
| Година на издаване | 2023 |
| 300 ## - Физическа характеристика | |
| Брой страници | 306 с. |
| Размер | 21 см |
| 380 ## - Жанр | |
| Жанр | Худож. лит. |
| 490 ## - СЕРИИ (Колекции) | |
| 9 (RLIN) | 201306 |
| Серия | Крими |
| 700 1# - Други автори (авторска отговорност) | |
| Друг автор | Карастойчева, Емилия Станимирова |
| Дати, свързани с автора | 1971 - |
| Друга информация | Индолог. Преводач от английски език |
| Пълното име на др. автор | Ничева-Карастойчева, Емилия Станимирова |
| 9 (RLIN) | 76920 |
| 852 ## - Местоположение | |
| Отдел | Заемна - подръчен фонд |
| Систематично-азбучна сигнатура | 821-31/С 35 И |
| Сигнатура (форматна) | Цб 326232 |
| 942 ## - АРТИКУЛИ | |
| Вид на библиотечния документ | Книги |
| Скрит в OPAC | Не |
| Koha issues (borrowed), all copies | 33 |
| 944 ## - СЪЗДАВАНЕ И РЕДАКЦИЯ на ЗАПИСА | |
| Служител, извършил регистрацията/редакцията | 30550 |
| Дата на регистрацията/редакция | Кети Илиева |
| Номер на служител | Кети Илиева |
| 944 ## - СЪЗДАВАНЕ И РЕДАКЦИЯ на ЗАПИСА | |
| Създаване/Редакция | Редакция |
| Служител, извършил регистрацията/редакцията | М.Я. |
| 999 ## - СИСТЕМНИ КОНТРОЛНИ НОМЕРА | |
| Koha biblionumber | 501186 |
| Koha biblioitemnumber | 501186 |
| 999 ## - СИСТЕМНИ КОНТРОЛНИ НОМЕРА | |
| Koha biblioitemnumber | 501186 |
| 999 ## - СИСТЕМНИ КОНТРОЛНИ НОМЕРА | |
| Koha biblioitemnumber | 501186 |
| Код за отписване | Код за изгубен артикул | Източник на класификационната схема | Код за повреда | Код за отдаване | Артикулен № | Име на библиотеката - собственик | Име на библиотеката, в която се намира в момента | Статус (Текущо местоположение) | Дата на вписване в системата | Местоположение - отдел | Цена в лева | Инвентарен номер | Систематично азбучна сигнатура | Баркод | Цена в евро | Служебен тип на артикула | Коз за рестрикции |
|---|---|---|---|---|---|---|---|---|---|---|---|---|---|---|---|---|---|
| Не е изгубен | Universal Decimal Classification | Не е повреден | заемане за дома | 939711 | Регионална библиотека "Любен Каравелов" Русе | Регионална библиотека "Любен Каравелов" Русе | Заемна - подръчен фонд | 2024-01-23 | Заемна - подръчен фонд | 15.40 | 120000898741 | 821-31/С 35 И | 120000898741 | 7.87 | Книги | ||
| Не е изгубен | Universal Decimal Classification | Не е повреден | заемане за дома | 939712 | Регионална библиотека "Любен Каравелов" Русе | Регионална библиотека "Любен Каравелов" Русе | Заемна - подръчен фонд | 2024-01-23 | Заемна - подръчен фонд | 15.40 | 120000898742 | 821-31/С 35 И | 120000898742 | 7.87 | Книги | ||
| Не е изгубен | Universal Decimal Classification | Не е повреден | заемане за дома | 945723 | Регионална библиотека "Любен Каравелов" Русе | Регионална библиотека "Любен Каравелов" Русе | Заемна - подръчен фонд | 2024-07-09 | Заемна - подръчен фонд | 22.00 | 120000910865 | 821-31/С 35 И | 120000910865 | 11.25 | Книги | ||
| Не е изгубен | Universal Decimal Classification | Не е повреден | ползва се в читалня | 960738 | Регионална библиотека "Любен Каравелов" Русе | Регионална библиотека "Любен Каравелов" Русе | Хранилище | 2025-02-11 | Хранилище | 22.00 | 120000917877 | Цб 326232 | 120000917877 | 11.25 | Книги | само за читалня |